| 000 | 00762 a2200217 4500 | ||
|---|---|---|---|
| 010 | _aENG-85402 | ||
| 020 |
_c25.00 _a8126022876 |
||
| 035 | _aEN-68935 | ||
| 037 | _bD.B.Act / Pub | ||
| 082 | 1 | 4 | _a891.49092 |
| 090 |
_c2217 _d2217 |
||
| 100 | 1 | _aChettri, Bhanu | |
| 245 | 1 |
_aJagat Chettri _cby Bhanu Chettri _bmakers of Indian literature |
|
| 260 |
_aNew Delhi _bSahitya Akademi. _c2006 |
||
| 270 |
_aRavindra Bhavan, 35, Firozshah Road _bNew Delhi _cDelhi _e110001 |
||
| 300 |
_a62 p _c21 cm (Pbk) |
||
| 490 | _aMakers of Indian literature | ||
| 500 | _aA monograph in English by Bhanu Chettri on the modern Nepali writer | ||
| 942 |
_adpl _cEN _k891.49092 / CHE |
||
| 999 |
_c2177 _d2177 |
||